| 000 | 00579nam a22001697a 4500 | ||
|---|---|---|---|
| 003 | NUST | ||
| 038 | _aNusrat Nadeem | ||
| 082 | _a200 | ||
| 100 |
_aZIA RAZIA _9124414 |
||
| 245 |
_aMulti-resolution Transform based Feature Extraction Techniques for Differentiating Glioma Grades using MRI Images/ _cRAZIA ZIA |
||
| 264 |
_aKarachi; _bPNEC NUST; _c2018. |
||
| 300 |
_a116,p; _bill; _c30,cm. |
||
| 650 |
_aPhD-Electrical Engineering _984162 |
||
| 700 |
_aSupervisor- Dr. Pervez Akhtar _9124415 |
||
| 856 | _uhttp://10.250.8.41:8080/xmlui/handle/123456789/34059 | ||
| 942 |
_2ddc _cSC |
||
| 999 |
_c610285 _d610285 |
||